000 00469nam a2200181Ia 4500
001 451
005 20260306140518.0
008 260306t2018||||xx |||||||||||||| ||spa||
041 _aESP
082 _a121
_bB119
100 _aBayas, María Inés
_eAUT
245 0 _aEl sentido común y la crítica al escepticismo en la filosofía de Thomas Reid
260 _c2018
300 _a348 páginas :
_c24 cm.
650 _aGEN
654 _aCHU
942 _cLIB
_dJUS
_fJUS
_2ddc
_n
999 _c451
_d451